La transferencia de paquetes accionarios de control /

Guardado en:
Autor Principal: Ferraro Mila, Pablo F.
Otros Autores: Roca, Eduardo A., (prol.)
Formato: Libro
Idioma:Spanish
Publicado: Buenos Aires : Lexis Nexis, 2006.
Edición:1a. ed.
Materias:
Etiquetas: Agregar Etiqueta
Sin Etiquetas, Sea el primero en etiquetar este registro!
LEADER 00558nam a22001695a 4500
001 DER.der010770
008 180615s2006####ag#||||||||||||||#||spa||
005 20241128085140.0
245 1 0 |a La transferencia de paquetes accionarios de control /  |c Pablo F. Ferraro Mila ; prólogo de Eduardo A. Roca. 
250 |a 1a. ed. 
260 |a Buenos Aires :  |b Lexis Nexis,  |c 2006. 
300 |a 243 p. 
020 |a 9875920827 
100 1 |a Ferraro Mila, Pablo F. 
700 1 |a Roca, Eduardo A.,  |e prol. 
650 7 |a DERECHO SOCIETARIO 
859 |a DERECHO  |b BIB. DERECHO  |h 346.07  |i FER  |p 006489